Introducción a la ingeniería genética / (Record no. 52595)

MARC details
000 -LEADER
campo de control de longitud fija 00657nam a2200205 i 4500
001 - NÚMERO DE CONTROL
campo de control 52595
003 - IDENTIFICADOR DE NÚMERO DE CONTROL
campo de control ES-MaACL
005 - FECHA Y HORA DE LA ÚLTIMA TRANSACCIÓN
campo de control 20230906162616.0
007 - CAMPO FIJO DE DESCRIPCIÓN FÍSICA--INFORMACIÓN GENERAL
campo de control de longitud fija t|
008 - DATOS DE LONGITUD FIJA--INFORMACIÓN GENERAL
campo de control de longitud fija 030901s1984 sp ||||1| spa d
100 1# - ENTRADA PRINCIPAL--NOMBRE DE PERSONA
Nombre de persona Cherfas, Jeremy.
9 (RLIN) 38366
245 10 - MENCIÓN DEL TÍTULO
Título Introducción a la ingeniería genética /
Mención de responsabilidad, etc. Jeremy Cherfas ; versión de Natividad Sánchez Sáinz-Trápaga.
260 ## - PUBLICACIÓN, DISTRIBUCIÓN, ETC.
Lugar de publicación, distribución, etc. [Madrid] :
Nombre del editor, distribuidor, etc. Alianza,
Fecha de publicación, distribución, etc. [1984]
300 ## - DESCRIPCIÓN FÍSICA
Extensión 273 p. :
Otras características físicas il. ;
Dimensiones 20 cm.
490 1# - MENCIÓN DE SERIE
Mención de serie Alianza universidad
700 1# - ENTRADA AGREGADA--NOMBRE PERSONAL
Nombre de persona Sánchez Sáinz-Trápaga, Natividad.
9 (RLIN) 102913
830 0# - PUNTO DE ACCESO ADICIONAL DE SERIE-TÍTULO UNIFORME
Título uniforme Alianza universidad
9 (RLIN) 177276
852 ## - LOCALIZACIÓN
Ubicación ES-MaACL
Número de control de estantería L-6804
Sublocalización o colección R.107751
Holdings
Estatus retirado Estado de pérdida Estado de daño No para préstamo Biblioteca de origen Biblioteca actual Ubicación en estantería Fecha de adquisición Fuente de adquisición Total de préstamos Signatura topográfica completa Código de barras Visto por última vez Precio de reemplazo Tipo de ítem Koha
        Biblioteca del Ateneo de Madrid Biblioteca del Ateneo de Madrid Depósito 2 17/01/2008     L-6804 1055278 23/02/2023 23/02/2023 Libro impreso